The "North Korea" of Every Continent - Statistics

General Stats
  • This quiz has been taken 125 times
  • The average score is 5 of 8
Answer Stats
Continent Answer % Correct
Asia (official) North Korea
97%
South America Venezuela
83%
North America Cuba
78%
Europe Belarus
77%
Africa Eritrea
57%
Oceania (less official) Papua New Guinea
56%
Oceania (more official) Nauru
50%
Asia Turkmenistan
47%
No matching quizzes found
Score Distribution
Percent of People with Each Score
Percentile by Number Answered
Your Score History
You have not taken this quiz